[Event "EU-ch U12 Girls"]
[Site "Prague"]
[Date "2024.08.22"]
[Round "1"]
[White "Wiessner, Johanna"]
[Black "Kaminska, Zuzanna"]
[Result "0-1"]
[WhiteElo "1604"]
[BlackElo "1848"]
[PlyCount "76"]
[EventDate "2024.08.22"]
[EventType "swiss"]
[EventRounds "9"]
[EventCountry "CZE"]
[SourceTitle "CB36_2024"]
[SourceDate "2024.09.04"]
[SourceVersion "1"]
[SourceVersionDate "2024.09.04"]
[SourceQuality "1"]

1. e4 e5 2. d4 exd4 3. Qxd4 Nc6 4. Qe3 d6 5. Bd2 Be7 6. Nc3 Nf6 7. 0-0-0 a6 8. Bd3 0-0 9. f3 Ne5 10. Be2 Be6 11. Nh3 b5 12. Nf4 Bc4 13. Nfd5 Re8 14. Nxf6+ Bxf6 15. Kb1 Bxe2 16. Qxe2 Nc4 17. Bf4 Bxc3 18. bxc3 Qf6 19. Bd2 Na3+ 20. Kb2 b4 21. Qd3 Rab8 22. Ra1 bxc3+ 23. Kxa3 cxd2 24. Rab1 Qg5 25. Rxb8 Qa5+ 26. Kb2 Rxb8+ 27. Ka1 Qb4 28. Qb3 Qd4+ 29. c3 Rxb3 30. cxd4 Re3 31. Kb2 Re1 32. Kc2 d1Q+ 33. Kc3 Qc1+ 34. Kb4 Qb2+ 35. Kc4 Qxa2+ 36. Kc3 Re3+ 37. Kb4 Qb3+ 38. Ka5 Qb5# 0-1

[Event "AUT-ch U12 Girls"]
[Site "Fuerstenfeld"]
[Date "2024.06.02"]
[Round "7"]
[White "Dakshina Murthy, Megha Varshini"]
[Black "Wiessner, Johanna"]
[Result "0-1"]
[WhiteElo "1474"]
[BlackElo "1606"]
[PlyCount "62"]
[EventDate "2024.05.30"]
[EventType "swiss"]
[EventRounds "7"]
[EventCountry "AUT"]
[SourceTitle "CB23_2024"]
[SourceDate "2024.06.05"]
[SourceVersion "1"]
[SourceVersionDate "2024.06.05"]
[SourceQuality "1"]

1. e4 e5 2. Nf3 Nc6 3. Bc4 Bc5 4. Nc3 Nf6 5. d3 0-0 6. 0-0 h6 7. Be3 Bxe3 8. fxe3 d6 9. a4 a6 10. Qe1 Be6 11. Nd5 Bxd5 12. Bxd5 Nxd5 13. exd5 Ne7 14. e4 Ng6 15. g3 c6 16. dxc6 Qb6+ 17. Rf2 Qxc6 18. d4 f5 19. exf5 Rxf5 20. Qf1 Raf8 21. d5 Qxd5 22. Rd1 Qf7 23. Rxd6 e4 24. Qe2 exf3 25. Qe4 Re8 26. Qg4 Rg5 27. Qb4 Rd5 28. Rb6 Rd1+ 29. Rf1 f2+ 30. Kg2 Rxf1 31. Kxf1 Re1+ 0-1

[Event "AUT-ch U12 Girls"]
[Site "Fuerstenfeld"]
[Date "2024.05.31"]
[Round "4"]
[White "Wiessner, Johanna"]
[Black "Donets, Alina"]
[Result "0-1"]
[WhiteElo "1606"]
[BlackElo "1704"]
[PlyCount "160"]
[EventDate "2024.05.30"]
[EventType "swiss"]
[EventRounds "7"]
[EventCountry "AUT"]
[SourceTitle "CB23_2024"]
[SourceDate "2024.06.05"]
[SourceVersion "1"]
[SourceVersionDate "2024.06.05"]
[SourceQuality "1"]

1. e4 c5 2. d3 Nc6 3. f4 b6 4. Be2 Bb7 5. Nf3 e6 6. 0-0 Qc7 7. Qe1 0-0-0 8. Nc3 a6 9. a3 d5 10. exd5 exd5 11. Rb1 g6 12. Na2 f6 13. b4 Bd6 14. g3 Nge7 15. Bb2 Rhf8 16. Bc1 Nf5 17. c3 Rfe8 18. Qf2 Re7 19. Re1 Rde8 20. Kf1 Re6 21. Rb2 h6 22. Bd1 Rxe1+ 23. Nxe1 Kd8 24. Re2 Rxe2 25. Qxe2 Qe7 26. Qxe7+ Kxe7 27. Bf3 Nd8 28. Nc2 Ne6 29. Ne3 Nxe3+ 30. Bxe3 a5 31. bxa5 bxa5 32. Ke2 Nd8 33. Bf2 Ke6 34. Bg4+ f5 35. Bf3 c4 36. d4 Bxa3 37. Kd2 Bc6 38. Bd1 Nb7 39. Be1 Nd6 40. Ke3 Nc8 41. g4 Nb6 42. gxf5+ gxf5 43. Kf3 Na4 44. Ke3 Nb2 45. Bc2 Be8 46. Ke2 Bd6 47. Bg3 Na4 48. Ke3 Ba3 49. Be1 Nb2 50. Ke2 Ba4 51. Bxa4 Nxa4 52. Kf3 Nb6 53. Ke3 Nd7 54. Bh4 Nf6 55. Bxf6 Kxf6 56. Kf3 Kg6 57. Kg3 Kh5 58. Kh3 Kg6 59. Kg3 h5 60. h3 Kh6 61. Kf3 h4 62. Ke3 Kg6 63. Kf3 Kf6 64. Ke3 Ke6 65. Kd2 Bd6 66. Ke3 a4 67. Nc1 a3 68. Na2 Kd7 69. Nc1 Kc6 70. Na2 Kb5 71. Kd2 Bxf4+ 72. Kc2 Bd6 73. Nc1 f4 74. Ne2 f3 75. Kb1 fxe2 76. Ka2 Bf4 77. Kxa3 e1Q 78. Kb2 Qc1+ 79. Ka2 Qc2+ 80. Ka3 Bc1# 0-1

[Event "AUT-ch U12 Girls"]
[Site "Fuerstenfeld"]
[Date "2024.05.30"]
[Round "2"]
[White "Gantomor, Egshiglen"]
[Black "Wiessner, Johanna"]
[Result "0-1"]
[WhiteElo "800"]
[BlackElo "1606"]
[PlyCount "56"]
[EventDate "2024.05.30"]
[EventType "swiss"]
[EventRounds "7"]
[EventCountry "AUT"]
[SourceTitle "CB23_2024"]
[SourceDate "2024.06.05"]
[SourceVersion "1"]
[SourceVersionDate "2024.06.05"]
[SourceQuality "1"]

1. e4 e5 2. Nf3 Nc6 3. Nc3 Nf6 4. Bc4 Bc5 5. 0-0 d6 6. d3 Bg4 7. Bg5 Nd4 8. Nd5 Nxf3+ 9. gxf3 Bh3 10. Re1 h6 11. Bh4 g5 12. Bg3 Nxd5 13. Bxd5 c6 14. Bb3 h5 15. f4 gxf4 16. Bxf4 exf4 17. e5 Rg8+ 18. Kh1 Bg2+ 19. Kg1 Bf3+ 20. Kf1 Bxd1 21. Raxd1 Qh4 22. exd6+ Kd8 23. Re2 f3 24. Bxf7 fxe2+ 25. Ke1 Qxf2+ 26. Kd2 exd1Q+ 27. Kc3 Qd4+ 28. Kb3 Qb4# 0-1

[Event "AUT-ch U14 Girls"]
[Site "St Veit"]
[Date "2023.06.10"]
[Round "6"]
[White "Borgoiakova, Ailana"]
[Black "Wiessner, Johanna"]
[Result "0-1"]
[WhiteElo "1045"]
[BlackElo "1062"]
[PlyCount "112"]
[EventDate "2023.06.08"]
[EventType "swiss"]
[EventRounds "7"]
[EventCountry "AUT"]
[SourceTitle "EXT 2024"]
[Source "ChessBase"]
[SourceDate "2023.10.10"]
[SourceVersion "1"]
[SourceVersionDate "2023.10.10"]
[SourceQuality "1"]

1. e4 c5 2. Nf3 e6 3. d4 cxd4 4. Nxd4 Nf6 5. Nc3 Bb4 6. Bd3 Nc6 7. Be3 Qa5 8. Nxc6 Bxc3+ 9. Bd2 Bxd2+ 10. Qxd2 Qxd2+ 11. Kxd2 dxc6 12. Rad1 0-0 13. Kc1 Rd8 14. f3 e5 15. g4 h6 16. h4 Nd7 17. Rdf1 Nc5 18. Be2 b5 19. a3 a5 20. f4 Re8 21. f5 Nxe4 22. Rf3 h5 23. Rg1 Nf6 24. g5 Nd5 25. Rf2 Nf4 26. Bf1 Bxf5 27. Rg3 b4 28. Rd2 Red8 29. Rf2 Bg4 30. Rd2 Rxd2 31. Kxd2 Rd8+ 32. Ke3 f6 33. gxf6 gxf6 34. Bc4+ Kg7 35. axb4 axb4 36. Ke4 Rd4+ 37. Ke3 Rxc4 38. Kd2 Rd4+ 39. Ke3 Kg6 40. Rg1 Kf5 41. b3 Re4+ 42. Kd2 Re2+ 43. Kc1 c5 44. Rf1 Ke4 45. Rd1 Bf5 46. Kb2 Ke3 47. Rc1 Nd3+ 48. Kb1 Nxc1 49. Kxc1 Rxc2+ 50. Kb1 Rh2+ 51. Kc1 Be6 52. Kb1 Bc8 53. Ka1 Kd3 54. Kb1 Kc3 55. Ka1 Kxb3 56. Kb1 Rh1# 0-1

[Event "AUT-ch U08 Girls Online Rapid"]
[Site "Playchess.com INT"]
[Date "2020.12.13"]
[Round "2"]
[White "Wiessner, Johanna"]
[Black "Neubauer, Clara"]
[Result "1-0"]
[WhiteElo "1719"]
[BlackElo "1510"]
[PlyCount "111"]
[EventDate "2020.12.13"]
[EventType "tourn (rapid)"]
[EventRounds "6"]
[EventCountry "AUT"]
[SourceTitle "EXT 2022"]
[Source "ChessBase"]
[SourceDate "2021.10.06"]
[SourceVersion "1"]
[SourceVersionDate "2021.10.06"]
[SourceQuality "1"]

1. e4 e5 2. Nf3 Nc6 3. Bc4 Nf6 4. Ng5 Nxe4 5. Nxe4 d5 6. Bxd5 Qxd5 7. Nec3 Qxg2 8. Rf1 Be6 9. d3 Qxh2 10. Be3 Bh3 11. Kd2 Bxf1 12. Qxf1 Nd4 13. Qe1 Nf3+ 14. Ke2 Nxe1 15. Kxe1 Qh1+ 16. Ke2 Qh5+ 17. Ke1 e4 18. dxe4 Rd8 19. Nd2 f5 20. exf5 Qxf5 21. Bxa7 Qe5+ 22. Be3 Qf5 23. Ba7 Qh3 24. Ke2 Rd7 25. Be3 Rf7 26. Rf1 Bc5 27. Bxc5 b6 28. Be3 c5 29. Nce4 Qg4+ 30. f3 Qg2+ 31. Rf2 Qg1 32. Nd6+ Ke7 33. Nxf7 Kxf7 34. Rf1 Qg2+ 35. Rf2 Qh3 36. f4 Re8 37. Rf3 Qh2+ 38. Rf2 Qh3 39. Nf3 c4 40. Ng5+ Kg6 41. Nxh3 c3 42. bxc3 Rc8 43. Kd3 Kh5 44. f5 g6 45. fxg6 hxg6 46. Nf4+ Kh6 47. Ne6+ Kh5 48. Rh2+ Kg4 49. Rf2 Re8 50. Nd4 Rd8 51. Rg2+ Kh5 52. Ke4 Re8+ 53. Kf4 Rf8+ 54. Ke4 Ra8 55. Kf4 Rxa2 56. Rh2# 1-0

[Event "AUT-ch U08 Girls Online Blitz"]
[Site "Playchess.com INT"]
[Date "2020.12.11"]
[Round "2"]
[White "Buden, Dorotea"]
[Black "Wiessner, Johanna"]
[Result "0-1"]
[WhiteElo "1175"]
[BlackElo "1620"]
[PlyCount "46"]
[EventDate "2020.12.11"]
[EventType "tourn (blitz)"]
[EventRounds "6"]
[EventCountry "AUT"]
[SourceTitle "EXT 2022"]
[Source "ChessBase"]
[SourceDate "2021.10.06"]
[SourceVersion "1"]
[SourceVersionDate "2021.10.06"]
[SourceQuality "1"]

1. e4 c5 2. Nc3 e6 3. Bb5 Nc6 4. Na4 Nf6 5. f4 Nxe4 6. d3 Nf6 7. d4 cxd4 8. Bc4 Bc5 9. Nxc5 b6 10. b4 bxc5 11. bxc5 d5 12. Nf3 0-0 13. 0-0 dxc4 14. Rb1 Bd7 15. Ne5 Nxe5 16. fxe5 Ne4 17. Re1 Nxc5 18. Qxd4 Qc8 19. Qxc4 Qc6 20. Bg5 Bc8 21. Be7 Re8 22. Bxc5 Bb7 23. Red1 Qxg2# 0-1

[Event "AUT-ch U08 Girls Online Blitz"]
[Site "Playchess.com INT"]
[Date "2020.12.11"]
[Round "1"]
[White "Wiessner, Johanna"]
[Black "Neubauer, Clara"]
[Result "1-0"]
[WhiteElo "1620"]
[BlackElo "1620"]
[PlyCount "41"]
[EventDate "2020.12.11"]
[EventType "tourn (blitz)"]
[EventRounds "6"]
[EventCountry "AUT"]
[SourceTitle "EXT 2022"]
[Source "ChessBase"]
[SourceDate "2021.10.06"]
[SourceVersion "1"]
[SourceVersionDate "2021.10.06"]
[SourceQuality "1"]

1. e4 e5 2. Nf3 Nc6 3. Bc4 Nf6 4. Ng5 h6 5. Nxf7 Qe7 6. Nxh8 d6 7. Ng6 Qd7 8. Nxf8 Qe7 9. Ng6 Qd7 10. Nh4 Qd8 11. Nf3 Bg4 12. Nc3 a6 13. 0-0 Qd7 14. d3 0-0-0 15. Be3 Nb4 16. a3 Nc6 17. h3 Bh5 18. b4 d5 19. exd5 Ne7 20. Rb1 Ng4 21. hxg4 1-0

[Event "AUT-ch U08 Girls"]
[Site "St Kanzian"]
[Date "2019.06.23"]
[Round "7"]
[White "Mensah, Siobhan"]
[Black "Wiessner, Johanna"]
[Result "1-0"]
[WhiteElo "962"]
[BlackElo "800"]
[PlyCount "79"]
[EventDate "2019.06.21"]
[EventType "swiss"]
[EventRounds "7"]
[EventCountry "AUT"]
[SourceTitle "CBM 191 Extra"]
[Source "ChessBase"]
[SourceDate "2019.09.30"]
[SourceVersion "1"]
[SourceVersionDate "2019.09.30"]
[SourceQuality "1"]

1. e4 c5 2. Nf3 e6 3. Bc4 d6 4. d3 Be7 5. Nc3 Bd7 6. Bf4 Nf6 7. 0-0 a6 8. a3 Nc6 9. Re1 0-0 10. e5 Ng4 11. exd6 Bxd6 12. Bxd6 Re8 13. Nd2 Nf6 14. Qf3 b5 15. Bb3 c4 16. dxc4 bxc4 17. Bxc4 Rb8 18. Bxb8 Qxb8 19. Bxa6 Ne5 20. Qg3 Ng6 21. Qxb8 Rxb8 22. b4 Ra8 23. Bd3 Nf4 24. Bb5 Bxb5 25. Nxb5 Rb8 26. Nd6 h6 27. N2e4 Nxe4 28. Nxe4 Rc8 29. Rec1 Ne2+ 30. Kf1 Nxc1 31. Rxc1 Ra8 32. Ra1 f5 33. Nc5 Kf7 34. Ke2 Re8 35. b5 Rd8 36. b6 Rd5 37. b7 Rd8 38. Rb1 Ke7 39. b8Q Rxb8 40. Rxb8 1-0

[Event "AUT-ch U08 Girls"]
[Site "St Kanzian"]
[Date "2019.06.21"]
[Round "3"]
[White "Wiessner, Johanna"]
[Black "Wang, Yihan"]
[Result "1-0"]
[WhiteElo "800"]
[BlackElo "800"]
[PlyCount "96"]
[EventDate "2019.06.21"]
[EventType "swiss"]
[EventRounds "7"]
[EventCountry "AUT"]
[SourceTitle "CBM 191 Extra"]
[Source "ChessBase"]
[SourceDate "2019.09.30"]
[SourceVersion "1"]
[SourceVersionDate "2019.09.30"]
[SourceQuality "1"]

1. e4 e5 2. Nf3 Nc6 3. Bc4 Nf6 4. Ng5 d5 5. exd5 Na5 6. Bb5+ c6 7. Bd3 h6 8. Nf3 e4 9. Bxe4 Nxe4 10. Qe2 cxd5 11. Nc3 d4 12. Qxe4+ Be7 13. Nxd4 0-0 14. 0-0 Be6 15. Nxe6 fxe6 16. Qxe6+ Rf7 17. d3 Rc8 18. Bd2 Bg5 19. Bxg5 hxg5 20. Rae1 Nc6 21. Qg6 Ne7 22. Qxg5 Rf5 23. Qxe7 Qxe7 24. Rxe7 Kf8 25. Rxb7 Ra8 26. Re1 Kg8 27. Ree7 Kh7 28. Rxg7+ Kh6 29. Rh7+ Kg6 30. Rbg7+ Kf6 31. Rf7+ Kg5 32. Rhg7+ Kf4 33. Ne2+ Ke5 34. d4+ Ke4 35. Re7+ Kd5 36. Rgf7 Rxf7 37. Rxf7 Ke6 38. Rg7 Kf6 39. Rg4 Re8 40. Rf4+ Kg5 41. Ng3 Kxf4 42. Nh5+ Kg5 43. Ng3 Re1+ 44. Nf1 Kg4 45. h3+ Kf4 46. g3+ Kf3 47. d5 Rd1 48. c4 Ke2 1-0